| 000 | 01247nam a22002177a 4500 | ||
|---|---|---|---|
| 999 |
_c57057 _d57057 |
||
| 003 | Ge_BSU | ||
| 005 | 20191104111605.0 | ||
| 008 | 191104s2012 ge ||||| |||| 00| 0 geo d | ||
| 020 | _a9789941434082 | ||
| 041 | _ageo | ||
| 080 | _a371.11(479.22) დ-43 | ||
| 100 |
_aდიასამიძე, ასმათ _94930 |
||
| 245 |
_aთანამედროვე სკოლის მართვის სტრატეგიები : _b(აჭარის არ საჯარო სკოლების მაგალითზე) / _cასმათ დიასამიძე. |
||
| 264 |
_aბათუმი : _bშოთა რუსთაველის სახელმწ. უნ-ტის გამ-ბა, _c2012. |
||
| 300 |
_a36 გვ. ; _b20 სმ. |
||
| 504 | _a ბიბლიოგრ.: გვ. 35. | ||
| 653 | _aპედაგოგიკა | ||
| 653 | _a სკოლის მართვა საქართველოში | ||
| 710 |
_a ბათუმის შოთა რუსთაველის სახელმწ. უნ-ტი, _bგანათლ. და მეცნ. ფაკ-ტი, პედ. მეცნ. დეპარტამენტი _95231 |
||
| 942 |
_2udc _cBK |
||